[Event "RUS-Cup01 Chigorin Memorial"]
[Site "St Petersburg"]
[Date "1996.??.??"]
[Round "2"]
[White "Epishin, Vladimir"]
[Black "Volkov, Sergey"]
[Result "1-0"]
[WhiteElo "2620"]
[BlackElo "2485"]
[Annotator "Shipov,S"]
[PlyCount "199"]
[EventDate "1996.11.??"]
[EventType "swiss"]
[EventRounds "9"]
[EventCountry "RUS"]
[SourceTitle "CBM 056 Extra"]
[Source "ChessBase"]
[SourceDate "1997.03.01"]
[SourceVersion "1"]
[SourceVersionDate "1997.03.01"]
[SourceQuality "1"]

1. d4 d5 2. c4 c6 3. Nc3 Nf6 4. Nf3 a6 5. Ne5 dxc4 (5... Nbd7) 6. a4 (6. g3 b5
7. Bg2 Bb7 8. O-O e6 9. a4 {-E 04/}) (6. Nxc4 b5 7. Ne5 Bb7 8. Bg5 (8. Bf4 e6
9. Rc1 Nbd7 10. e3 Rc8 11. Bd3 c5 12. O-O cxd4 13. exd4 Be7 14. Qe2 O-O $10 {
Gil Gonzales,J.M-Magem Badals,J/ESP/1995/1:0/35/}) 8... h6 9. Bh4 e6 10. e3 c5
11. dxc5 Qxd1+ 12. Rxd1 Bxc5 13. Rc1 Bd6 14. Nd3 Nbd7 15. f3 Rc8 $10 {Ruban,
V-Dreev,A/Novosibirsk/1995/0.5/46/}) 6... e6 (6... Be6 $6 7. e4 Nbd7 8. Nxc4
Bxc4 9. Bxc4 b5 10. axb5 axb5 11. Rxa8 Qxa8 12. Bd3 e5 13. O-O $1 Be7 (13...
exd4 14. e5 $36) 14. d5 $16 {Baburin,A-Giorgadze,G/Ubeda/1996/0,5/31/}) 7. g3
$1 (7. e3 c5 8. Bxc4 Bd6 9. O-O O-O 10. Bd3 Qc7 11. Nf3 Nbd7 12. Bd2 b6 13. Ne4
Bb7 14. Nxd6 Qxd6 $10 {Lukacs,P-Bezgodov,A/Budapest/1996/0:1/32/}) 7... c5 8.
Be3 (8. dxc5 Qxd1+ 9. Nxd1 Bxc5 (9... Bd7 $5) (9... Nc6 $5) 10. Bg2 O-O 11. O-O
Nd5 12. Ne3 Nxe3 13. Bxe3 Bxe3 14. fxe3 Nd7 15. Nxc4 $14 {Zoler,D-Rotman,D/Tel
Aviv/1994/1:0/41/}) 8... Nbd7 (8... Nd5 9. Bg2 (9. Nxc4 Nc6) 9... Nxe3 10. fxe3
$14) 9. Nxc4 Nd5 10. Bg2 Nxe3 $6 (10... N7b6 $1 $13) 11. Nxe3 cxd4 (11... Be7
12. d5 $1) (11... Nf6 12. d5 $1) 12. Qxd4 Qb6 13. Qxb6 Nxb6 14. a5 Nd7 15. Nc4
Bb4 16. O-O $16 {|^ <</} Rb8 17. Rfc1 O-O (17... b5 $2 18. axb6 Nxb6 19. Nxb6
Rxb6 20. Nd5 $18) (17... Ke7 $5) 18. Na4 Nf6 19. Ncb6 Bd7 (19... Bxa5 20. Nxc8
Rfxc8 21. Rxc8+ Rxc8 22. Bxb7 $16) 20. Rc7 (20. Nxd7 Nxd7 21. Rc7 Rfd8 22. Rxb7
Bxa5 23. Ra7 $16) 20... Rfd8 (20... Bxa4 21. Rxa4 $16) (20... Bb5 21. Nc3 Bxc3
22. bxc3 Bxe2 23. Re1 Bd3 24. c4 $16) 21. Nc3 $1 (21. Rxb7 $2 Bxa5 $13) 21...
Bc6 22. Bxc6 bxc6 23. Rxc6 h5 (23... Rd2 24. Nc4 Bxc3 25. bxc3 Rxe2 26. Rxa6
$16 {o^ a5/}) 24. Ra4 (24. Nc4 $5) 24... Bxc3 25. bxc3 Rd2 26. Kf1 Rd1+ 27. Kg2
Rd2 28. Kf1 Rd1+ 29. Kg2 Rd2 30. Kf3 $8 (30. e3 $2 Ng4) 30... Rc2 (30... Ng4
31. Nc4 Rc2 32. h3 Rxc3+ 33. Kg2 Nf6 34. Rxa6 $16) 31. Rac4 Kh7 (31... Ng4 32.
Nd7) 32. Rc8 (32. Rc7 $1) 32... Rxc8 33. Rxc8 e5 $1 34. h3 g5 $1 35. Ke3 (35.
Rc5 $5 g4+ 36. hxg4 e4+ $1 $132 37. Ke3 Nxg4+ 38. Kxe4 Rxe2+ 39. Kd4 $16) 35...
h4 $1 {>< h3/} (35... g4 36. h4) 36. gxh4 gxh4 37. Rc5 Rc1 38. Kf3 (38. Rc4 Kg6
) 38... e4+ 39. Kg2 (39. Kf4 Rc2 40. Ke3 Rc1) 39... e3 (39... Rc2 40. e3 $16)
40. Rc4 (40. fxe3 Ne4 41. Rc4 f5 $1 $132) 40... exf2 41. Kxf2 Rxc3 42. Rxc3
Ne4+ 43. Kf3 Nxc3 44. Nd7 Nb5 (44... Kg6 45. Nc5 Nb5 46. Kg4 $16) 45. Nc5 Nd6 (
45... Nd4+ 46. Kg4 Nxe2 47. Nxa6 $18) (45... f5 $1 $14 {/\} 46. Nxa6 Nd4+ 47.
Ke3 Nb3) 46. Kg4 (46. Nxa6 $2 Nc4 $14) 46... Nc4 47. Nb3 Kg6 48. Kxh4 Kf5 (
48... f5 $5) 49. Kh5 $1 Kf4 50. h4 Ne3 51. Nc5 (51. Kh6 $2 Kg4 52. h5 Nf5+)
51... Nc4 52. Kh6 $1 Kg4 (52... Nxa5 $5 53. h5 Kg4 $1 (53... Nc6 54. Kg7 Ne7
55. Kxf7 $16) 54. Nxa6 Nc4 $13) 53. h5 Nxa5 54. Nd7 $1 Nc4 55. Nf6+ Kh4 56. e4
(56. Kg7 $2 Ne3 $1 (56... Nd6 $2 57. e4 Nxe4 58. h6 Ng5 59. Ne4 $18) 57. h6
Nf5+ $10) 56... Ne5 (56... Nd2 57. Kg7 Nxe4 58. h6 Ng5 59. Ne4 $18) 57. Kg7 a5
58. h6 a4 59. h7 Ng6 60. e5 $2 (60. Nd7 $1 a3 61. Ne5 a2 62. Nxg6+ Kg5 63. h8=Q
a1=Q+ 64. e5 fxg6 65. Qh6+ $16) 60... Kg5 (60... a3 61. e6 a2 62. e7 a1=Q 63.
e8=Q $18) 61. Nd5 a3 62. Ne7 a2 $2 (62... Nh8 $1 63. Kxh8 a2 64. Kg8 a1=Q 65.
h8=Q Qa8+ 66. Kg7 Qxh8+ 67. Kxh8 Kf4 68. Nc6 Kf5 69. Kg7 Ke6 70. Kf8 f6 $10)
63. Nxg6 fxg6 64. h8=Q a1=Q 65. Qh6+ Kg4 (65... Kf5 66. Qxg6+ Kxe5 $2 67. Qf6+)
66. Qxg6+ $16 Kh3 67. Qf6 Qa7+ 68. Kh6 Qe3+ 69. Kg6 Qg1+ 70. Kf7 Qa7+ 71. Qe7
Qa5 72. Qe6+ Kh2 73. Qh6+ Kg1 74. Qe3+ Kg2 75. Qe4+ Kh2 76. Qf4+ Kg2 77. e6 $18
Qd5 78. Kf6 Qc6 79. Qe5 Kh1 80. Kg7 Qg2+ 81. Kf7 Qf3+ 82. Qf6 Qb3 83. Qh4+ Kg1
84. Qd4+ Kh1 85. Qe4+ Kg1 86. Kf6 Qc3+ 87. Kf5 Qc5+ 88. Kg6 Qb6 89. Kh7 Qd6 90.
e7 Qd7 91. Kg7 Qc7 92. Kg8 Qd6 93. Kf8 Qc7 94. Qd4+ Kh1 95. Kg8 Qc2 96. Qd5+
Kh2 97. e8=Q Qf2 98. Qeh5+ Kg1 99. Qg4+ Kf1 100. Qdd1+ 1-0

[Event "Olympiad-32"]
[Site "Yerevan"]
[Date "1996.09.27"]
[Round "11.1"]
[White "Sokolov, Ivan"]
[Black "Shirov, Alexei"]
[Result "0-1"]
[WhiteElo "2670"]
[BlackElo "2685"]
[Annotator "Shirov,A"]
[PlyCount "124"]
[EventDate "1996.09.15"]
[EventType "team-swiss"]
[EventRounds "14"]
[EventCountry "ARM"]
[SourceTitle "CBM 055"]
[Source "ChessBase"]
[SourceDate "1996.12.01"]
[SourceVersion "1"]
[SourceVersionDate "1996.12.01"]
[SourceQuality "1"]
[WhiteTeam "Bosnia&Herzegovina"]
[BlackTeam "Spain"]
[WhiteTeamCountry "BIH"]
[BlackTeamCountry "ESP"]

1. d4 d5 2. c4 c6 3. Nc3 Nf6 4. Nf3 a6 5. c5 Bf5 6. Qb3 Qc8 7. Bf4 Nbd7 8. h3
$146 e6 9. Ne5 Be7 10. g4 $1 Bg6 11. e3 Bd8 (11... Nxe5 12. Bxe5 O-O 13. Be2
Nd7 $10) 12. Be2 Nxe5 $2 (12... Bc7 $1 13. h4 Nxe5 (13... h6 $2 14. Nxg6 fxg6
15. Bxc7 Qxc7 16. Qc2 Nf8 17. f4 $16) 14. dxe5 Nd7 15. h5 Nxc5 16. Qd1 Be4 17.
f3 Bxf3 18. Bxf3 Nd7 $13) 13. Bxe5 Bc7 14. Na4 $2 (14. Bxf6 gxf6 15. f4 $16)
14... Ba5+ 15. Nc3 (15. Kf1 Ne4) 15... O-O 16. h4 $2 (16. Bxf6 gxf6 17. h4 h6
18. O-O-O $14) 16... h6 $2 (16... Ne4 17. h5 f6 $1 18. Bd6 $1 Nxd6 19. hxg6 Ne4
20. Rxh7 (20. gxh7+ Kh8 $44) 20... Qe8 $13) 17. O-O-O $2 (17. g5 hxg5 18. h5
Bf5 (18... Bh7 $13) 19. h6 Bc7 $1 (19... Ne8 20. hxg7 Nxg7 21. Rh6 Bd8 22.
O-O-O $16) 20. hxg7 Kxg7 $13) (17. h5 Bh7 18. g5 hxg5 19. h6 Ne8 $13) (17. Bxf6
gxf6 18. O-O-O $14) 17... Nd7 $1 18. Bd6 Re8 19. Rhg1 Bc7 20. h5 Bh7 21. g5 $1
(21. Bxc7 Qxc7 22. g5 Kh8 23. f4 b6 $10) 21... Bxd6 22. cxd6 Kh8 23. gxh6 gxh6
24. e4 $5 dxe4 $6 (24... b5 $1 25. Qc2 $1 $13) 25. Na4 $1 Qd8 26. Nc5 $1 (26.
Qxb7 Rb8 27. Qc7 Qxc7 28. dxc7 Rbc8 29. Bxa6 Rxc7 $15) 26... Nxc5 27. dxc5 Qf6
28. Qc3 Qxc3+ 29. bxc3 $14 Rab8 $1 30. Rd4 (30. Rd2 $14) 30... a5 $1 (30... b6
$2 31. cxb6 Rxb6 32. Rb4 $1 $16) 31. Bd1 $6 (31. Rd2 b6 $140 32. cxb6 Rxb6 33.
Rb2) 31... b6 32. cxb6 Rxb6 33. Bc2 Rd8 34. d7 $6 Rb5 $1 $17 35. Rgd1 Rxh5 36.
c4 Kg7 37. Kb2 Kf8 38. Ba4 Rc5 $2 (38... c5 39. Rd6 Ke7 $19) 39. Kc3 Ke7 40.
Rd6 e3 41. fxe3 $2 (41. Rxc6 Re5 42. fxe3 (42. Rc8 exf2 43. Rf1 Re3+ $19) 42...
Rxe3+ 43. Kb2 Rxd7 44. Rxe6+ Kxe6 45. Bxd7+ Ke7 $17) 41... Be4 42. R6d4 Re5 $1
$19 43. Rf1 Bg2 44. Rg1 Rxe3+ 45. Rd3 (45. Kd2 Ra3 $19) 45... Rxd3+ $6 (45...
Re2 $142 $1 46. Rd2 Rxd2 47. Kxd2 Be4 48. Ke3 f5 49. Kf4 Kf6 $19) 46. Kxd3
Rxd7+ 47. Ke3 Bh3 48. Bxc6 Rc7 49. Bb5 e5 $6 (49... h5 $142 $19) 50. Rh1 Be6
51. Kd3 Kf6 $1 52. Rxh6+ Kg5 53. Rh8 Kf4 $1 $19 54. Rh4+ (54. Ra8 e4+ 55. Kd4
e3 56. c5 Rd7+ 57. Bxd7 e2 58. Bxe6 e1=Q 59. Bd5 Qd2+ 60. Kc4 Qxa2+ 61. Kd4
Qd2+ 62. Kc4 Qb4+ 63. Kd3 Ke5 $1 $19) 54... Bg4 55. Rh8 f5 56. Re8 Rc5 57. a4
Kf3 58. Ba6 (58. Ra8 f4 59. Rxa5 Bf5+ 60. Kc3 Ke3 61. Kb4 f3 $1 62. Kxc5 f2 $19
) 58... Kf2 59. Bb5 Be2+ 60. Kc3 f4 61. Rd8 Bf3 62. Rd2+ Ke1 0-1

[Event "Vienna Millenium"]
[Site "Vienna"]
[Date "1996.08.16"]
[Round "8"]
[White "Ehlvest, Jaan"]
[Black "Shirov, Alexei"]
[Result "0-1"]
[WhiteElo "2660"]
[BlackElo "2685"]
[Annotator "Shirov,A"]
[PlyCount "120"]
[EventDate "1996.08.09"]
[EventType "tourn"]
[EventRounds "9"]
[EventCountry "AUT"]
[EventCategory "18"]
[SourceTitle "CBM 055"]
[Source "ChessBase"]
[SourceDate "1996.12.01"]
[SourceVersion "1"]
[SourceVersionDate "1996.12.01"]
[SourceQuality "1"]

1. d4 {Hecht Huebner Ehlvest} Nf6 2. Nf3 d5 3. c4 c6 4. Nc3 a6 5. a4 e6 6. Bg5
$5 Nbd7 7. cxd5 cxd5 8. e3 Be7 9. Bd3 b6 $6 (9... O-O {Huebner} 10. O-O Re8 11.
Qb1 b6 12. b4 Bb7 13. Rc1 Rc8 14. Qb2 Ne4 $10 {Prokopenko,E-Batceceg,T,
WchJW-U16, Szeged 1994, TD 94/01.}) 10. O-O Bb7 11. Qc2 (11. Qe2 $5 $14) 11...
O-O 12. Rfc1 $14 h6 (12... Rc8 {Huebner} 13. Qe2 $14) 13. Bf4 (13. Bh4 $5 {
Huebner}) 13... Nh5 $5 14. Be5 f6 15. Bg3 $6 (15. Nh4 $1 {(Ehlvest)} fxe5 (
15... f5 16. Ng6 $16) 16. Bh7+ Kh8 17. Ng6+ Kxh7 18. Nxf8+ Kg8 19. Nxe6 Qb8 20.
Qg6 Qe8 21. Qxe8+ Rxe8 22. Nc7 $14) 15... Nxg3 16. hxg3 f5 $13 17. Ne2 Bd6 18.
Nf4 Qf6 19. Be2 g5 20. Nd3 g4 21. Nh4 (21. Nfe1 $5 h5 22. Nf4 $13) 21... Rfc8
22. Qd1 $6 a5 $15 23. Rxc8+ Rxc8 24. Rc1 Rxc1 25. Qxc1 Kf7 26. b3 Qd8 27. Nf4
Qc8 28. Qxc8 Bxc8 29. Nhg6 Nb8 30. f3 Ba6 31. Kf2 Bxe2 32. Kxe2 Nc6 33. Kd3
Nb4+ 34. Kd2 Kf6 35. Ke2 Nc6 (35... h5 $5) 36. Kd3 Nd8 (36... h5 $5) 37. fxg4
fxg4 38. e4 dxe4+ 39. Kxe4 Nf7 40. Nh4 Bxf4 41. Kxf4 $1 (41. gxf4 Nd6+ 42. Kd3
Nf5 43. Nxf5 exf5 44. g3 (44. Ke3 Ke6 45. Kd3 Kd5 46. Ke3 g3 47. Kf3 Kxd4 48.
Kxg3 Ke4 49. Kh4 Kxf4 50. Kh5 Kg3 51. Kxh6 Kxg2 52. Kg5 Kf3 53. Kxf5 Ke3 54.
Ke5 Kd3 55. Kd5 Kc3 56. Kc6 Kxb3 57. Kxb6 Kxa4 $19) 44... Ke6 45. Ke3 Kd5 46.
Kd3 Kc6 47. Ke3 b5 48. Kd2 (48. axb5+ Kxb5 49. Kd3 h5 50. Ke3 a4 51. bxa4+ Kxa4
52. Kd3 Kb4 $19) 48... bxa4 49. bxa4 Kd5 50. Kd3 h5 51. Ke3 Kc4 $19) 41... h5
42. Ke4 $10 Nd6+ 43. Kd3 Kg5 44. Ke3 b5 45. axb5 Nxb5 46. Kd3 Kf6 47. Kc4 Nd6+
48. Kd3 Kf7 49. Ke3 Kg7 50. Kd3 Kf6 51. Ke3 Nf5+ 52. Nxf5 exf5 {[#] Hecht
Bildung eines weit entfernten schwarzen Frei-B auf der h-Linie} 53. Kf4 $4 {
Huebner: Alle anderen Königszüge halten remis. Weiß muß ... K-d5 mit K-e3
beantworten können (S. "Schach" 9/1996, S.15). Der König des Schwarzen kann
nicht erfolgreich am Damenflügel eindringen:} (53. Kd3 Ke6 54. Kd2 Kd5 (54...
Kd6 {Huebner} 55. Ke2 Kc6 56. Kd3 Kb5 57. Kd2 Kb4 58. Kc2 (58. Kd3 {ist
natürlich auch genügend.}) 58... f4 59. gxf4 h4 60. f5 h3 61. gxh3 gxh3 62. f6
h2 63. f7 h1=Q 64. f8=Q+ Kb5 {und Weiß gewinnt.}) 55. Ke3 $10) 53... Ke6 54.
Ke3 (54. Kg5 Kd5 55. Kxf5 Kxd4 56. Kg5 Kc3 $19) 54... Kd5 55. Kd3 f4 56. gxf4
h4 57. Ke3 h3 58. gxh3 gxh3 59. Kf3 Kxd4 60. Kg3 Ke4 (60... Ke4 61. Kxh3 Kxf4
62. Kg2 Ke3 63. Kf1 Kd2 $19 (63... Kd2 $1 {Hecht} 64. Kf2 Kc3 65. Ke2 Kxb3 66.
Kd2 Kb2 $19)) 0-1

[Event "Sarajevo Bosnia 29th"]
[Site "Sarajevo"]
[Date "1999.05.21"]
[Round "5"]
[White "Timman, Jan H"]
[Black "Shirov, Alexei"]
[Result "0-1"]
[WhiteElo "2670"]
[BlackElo "2726"]
[Annotator "Shirov,A"]
[PlyCount "76"]
[EventDate "1999.05.17"]
[EventType "tourn"]
[EventRounds "9"]
[EventCountry "BIH"]
[EventCategory "19"]
[SourceTitle "CBM 071"]
[Source "ChessBase"]
[SourceDate "1999.08.01"]
[SourceVersion "1"]
[SourceVersionDate "1999.08.01"]
[SourceQuality "1"]

1. d4 {Huebner,R} d5 2. c4 c6 3. Nf3 Nf6 4. Nc3 dxc4 5. Ne5 Nbd7 6. Nxc4 b5 7.
Nd2 $2 (7. Ne3) 7... Bb7 8. Nb3 $6 $146 {Huebner,R: 'Der Aufbau des Weißen
sieht unnatürlich aus und scheint mir nicht viel zu versprechen. Erprobt wurde
in dieser Stellung'} (8. e4 $142) (8. e3 {Huebner,R} e5 9. Be2 exd4 10. exd4
$11 {1-0 Jakobsen,O-Holmsgaard,H/Copenhagen 1995/CBM 47 ext (38)}) 8... a5 $1
$17 9. Bg5 (9. a4 b4 $17) 9... a4 10. Nd2 a3 11. bxa3 Rxa3 12. Qc2 e6 $2 (12...
e5 13. dxe5 Nxe5 $17) 13. e3 Bb4 14. Ncb1 Ra8 (14... Ra7 $5) 15. Bd3 h6 16.
Bxf6 Qxf6 $5 (16... Nxf6 $11) 17. O-O O-O 18. a3 {'?!' Huebner,R.} (18. Nc3 $5
$11 {Huebner,R}) 18... e5 $5 (18... Bd6 $11) 19. Ne4 Qe6 20. Qb2 Be7 21. Nbd2
Ra7 $5 22. Bc2 $1 {Huebner,R: 'Weiß versucht, die Schwierigkeiten, die ihm die
Schwäche seines a-Bauern verursacht, auf taktische Weise zu beheben. In
Betracht kam auch'} (22. Ng3 {Huebner,R} Rfa8 (22... g6 23. Bc2 Rfa8 24. Bb3 {
überläßt dem Weißen Gegenspiel.}) 23. Bf5 Qd6 24. Nge4 Qc7 25. Bxd7 Qxd7 26.
Nc5 Bxc5 27. dxc5 Qd5 28. Rfc1 {nebst Sd2-f3.}) 22... Rfa8 23. Bb3 Qf5 $5 (
23... Qg6 24. dxe5 Rxa3 (24... Bxa3 $6 25. Rxa3 Rxa3 26. Nd6 Rxb3 27. Nxb3 $14)
25. Rxa3 Bxa3 26. Qd4 $13) 24. Ng3 Qd3 25. a4 $2 (25. Bc2 Bxa3 26. Qa2 Bc5 $1 (
26... Qc3 $6 27. Bg6 $1) 27. Qb2 $11) 25... exd4 26. exd4 c5 27. Rad1 $1 {
Huebner,R: 'Dies ist anscheinend die beste Fortsetzung. Nach'} (27. Rae1 Bg5 $1
$17) (27. Rae1 {Huebner,R ist sowohl 27...Lg5 wie 27...Lf6 unangenehm für Weiß.
}) 27... bxa4 $1 (27... Qxd4 28. Qxd4 cxd4 29. axb5 $11) 28. Bxa4 Bxg2 $3 (
28... Rxa4 29. Qxb7 $11) 29. Bxd7 $4 {'?' Huebner,R. Huebner,R: 'Eine
Verrechnung dürfte der Wahl dieses Zuges zugrunde liegen. Aussichten auf
Überleben bot einzig die Fortsetzung'} (29. Bb5 Bxf1 30. Bxd3 Bxd3 $15 (30...
Bxd3 {Huebner,R} 31. dxc5)) 29... Bxf1 {'-+' Huebner,R.} 30. Bf5 Qb5 31. Qc2
Be2 32. Re1 (32. Rb1 Qa6 $19) 32... Ra2 (32... Ra1 $142 33. Nb1 Bc4 34. Rxe7
Ba2 $19) 33. Qe4 Bd3 34. Qf3 $6 (34. Qxe7 Rxd2 35. Qe3 Bxf5 36. Qxd2 (36. Nxf5
Qd3 37. Qe5 f6 38. Qe6+ Kh8 $19) 36... c4 $1 $19) 34... Bxf5 35. Nxf5 Bf8 $19
36. Kg2 cxd4 37. Ne4 Qb6 38. Rd1 Rd8 0-1

[Event "Buenos Aires Najdorf"]
[Site "Buenos Aires"]
[Date "1993.??.??"]
[Round "2"]
[White "Seirawan, Yasser"]
[Black "Shirov, Alexei"]
[Result "0-1"]
[WhiteElo "2595"]
[BlackElo "2670"]
[Annotator "Shirov,A"]
[PlyCount "64"]
[EventDate "1993.04.??"]
[EventType "tourn"]
[EventRounds "11"]
[EventCountry "ARG"]
[EventCategory "13"]
[SourceTitle "CBM 035"]
[Source "ChessBase"]
[SourceDate "1993.08.01"]
[SourceVersion "1"]
[SourceVersionDate "1993.08.01"]
[SourceQuality "1"]

1. d4 d5 2. c4 c6 3. Nc3 Nf6 4. e3 a6 5. Nf3 b5 6. cxd5 cxd5 7. Ne5 Nbd7 8. f4
e6 9. Bd3 Bb7 10. O-O Bd6 11. Bd2 (11. Qf3 $5) 11... O-O 12. Be1 Ne4 $1 13. Qb1
Ndf6 $6 (13... f5 $1 14. a4 $1 b4 15. Nxe4 fxe4 (15... dxe4 16. Bc4 Bd5 17. Qa2
$14) 16. Be2 Nxe5 17. fxe5 Rxf1+ 18. Kxf1 Be7 19. Bg4 $10) 14. Bh4 $1 Rc8 (
14... Nd2 15. Qc2 Nxf1 16. Bxh7+ Kh8 (16... Nxh7 17. Bxd8 Nxe3 18. Qd3 $1 $16)
17. Rxf1 $40) 15. Rc1 $5 (15. Bxe4 dxe4 16. Ng4 Be7 17. Bxf6 Bxf6 18. Nxf6+
Qxf6 19. Nxe4 Qg6 20. Ng3 Rc2 $1 (20... Qxb1 21. Raxb1 Rc2 22. Rf2 Rfc8 $44)
21. Rf2 Rfc8 22. f5 Rxf2 23. fxg6 Rxg2+ 24. Kf1 fxg6 $1 25. e4 Rcc2 26. Qe1 h5
$1 $13) 15... Qa5 16. Bxe4 Nxe4 17. Nxe4 dxe4 18. Nd7 Qd2 $5 (18... Rfe8 19.
Nc5 $10) 19. Nxf8 $1 (19. Bf2 $2 Bxf4 $1 20. Rd1 Qe2 $1 21. Re1 Bxh2+ $17)
19... Qxe3+ 20. Bf2 $1 Qxf4 21. g3 $2 (21. Rxc8 $1 Qxh2+ 22. Kf1 Bxc8 (22... e3
23. Qxh7+ $18) 23. Qxe4 $1 Bxf8 (23... Kxf8 24. Qa8 $18) 24. Rc1 Bd7 (24... Qb8
25. Bg3 Qxg3 26. Rxc8 {/\ Qe5}) 25. Qb7 Qh1+ $1 (25... Qd6 26. Rc7 Be8 27. Rc8
Bd7 28. Rd8 $18) 26. Bg1 Qh6 $1 27. Rc7 Be8 $1 28. Rc8 Qd2 $1 29. Rxe8 Qd1+ 30.
Kf2 Qxd4+ $10) (21. Bg3 Qe3+ 22. Bf2 Qh6) 21... Rxc1+ $1 (21... Qf3 $2 22. Rxc8
Bxc8 23. Qd1 $16) 22. Qxc1 Qf5 $1 (22... Qf3 23. Qe3 Kxf8 24. Qxf3 exf3 25. Rc1
Ke7 26. Be3 Bd5 27. Bf4 $14) 23. Be3 (23. Nxe6 $2 e3 $3 24. Qxe3 Qd5 $19) 23...
Bxf8 $15 24. Qc7 Qf3 $1 25. Qf4 (25. Rf1 Qxe3+ 26. Kh1 f5 27. Qxb7 Qxd4 28.
Qxa6 Qd5 $17) 25... Qe2 26. Qf2 Qd3 (26... Qc4 27. Rc1 Qd5 28. Rc7 f6 $15) 27.
Qd2 $2 (27. Rc1 $1 Bd5 28. b3 {/\ Qd2=}) 27... Qc4 28. b3 Qd5 29. Rc1 Bd6 30.
Qa5 h6 31. Qd8+ Kh7 32. Qd7 $4 (32. Qe8 $15) 32... Bf4 $1 0-1

[Event "BLR-ch"]
[Site "Minsk"]
[Date "1994.??.??"]
[Round "6"]
[White "Shulman, Yuri"]
[Black "Botvinnik, Ilia"]
[Result "1-0"]
[WhiteElo "2425"]
[BlackElo "2375"]
[Annotator "Shulman,Y"]
[PlyCount "39"]
[EventDate "1994.06.??"]
[EventType "tourn"]
[EventRounds "11"]
[EventCountry "BLR"]
[EventCategory "7"]
[SourceTitle "CBM 042 Extra"]
[Source "ChessBase"]
[SourceDate "1994.11.01"]
[SourceVersion "1"]
[SourceVersionDate "1994.11.01"]
[SourceQuality "1"]

1. d4 d5 2. c4 c6 3. Nf3 Nf6 4. Nc3 a6 5. a4 e6 6. g3 dxc4 7. Bg2 c5 8. O-O (8.
dxc5 Qxd1+ 9. Nxd1 Nc6 10. Ne3 Bxc5 11. Nxc4 Ke7 12. O-O Nd5 13. Nfe5 $14 {
Bareev,E-Shirov,A/ Groningen 1993}) 8... cxd4 9. Nxd4 Be7 (9... Bc5 10. Be3 Qe7
11. Nc2 O-O 12. a5 Nc6 13. Na4 Bxe3 14. Nxe3 Rd8 15. Qe1 Nd4 16. Nb6 Rb8 17.
Rd1 e5 $10 {Kamsky,G-Bareev,E/ Linares 1994}) 10. Nc2 (10. e4 Nc6 11. Nxc6 Qxd1
12. Rxd1 bxc6 13. a5 e5 $44) (10. a5 O-O 11. Ra4 Qc7 $13) 10... Nbd7 (10...
Qxd1 11. Rxd1 Nc6 12. a5 {/\ Na3+/=} (12. Bxc6+ $6 bxc6 13. Ne3 a5 14. Nxc4 Ba6
$10)) (10... Qc7 11. Bf4 e5 12. Bg5 Nbd7 (12... Be6 13. Bxf6 Bxf6 14. Nd5 Bxd5
15. Qxd5 $14) 13. Ne3 $14 {/+/-}) 11. Na3 (11. Ne3 Nc5 (11... Qc7 12. Qd4) 12.
Nxc4 Qxd1 13. Rxd1 Nb3 14. Rb1 Nxc1 15. Rbxc1 O-O 16. Ne5 $14) 11... Qc7 12.
Qd4 Bxa3 13. Rxa3 e5 (13... Rb8 14. Rd1 O-O (14... b5 $6 15. axb5 axb5 16. Ra7
Qc5 17. Qxc5 Nxc5 18. Nxb5 Rxb5 19. Bc6+ Bd7 20. Rd6 $18) 15. Qa7 $44) 14. Qh4
O-O $2 (14... Nf8 15. Ne4 Nxe4 16. Qxe4 Rb8 17. f4 Bd7 18. fxe5 $14) 15. g4 $1
$16 Qa5 (15... h6 16. g5 hxg5 17. Bxg5 Qc5 18. Rd1 $18) (15... Qd8 16. g5 Ne8
17. Nd5 h6 18. Rd1 $18) 16. g5 Ne8 17. Nd5 Nb6 18. Ne7+ Kh8 19. Rf3 (19. Bxb7
Ra7 20. Bc6 Rxe7 21. Rh3 h6 22. gxh6 g6 23. Bg5 $13) (19. Nxc8 Rxc8 20. Rh3 h6
21. g6 $1 $18) 19... Nd6 (19... Nd5 20. Rxf7 $1 Rxf7 21. g6 Nef6 22. gxf7 Be6
23. Ng6#) (19... Be6 20. g6 Nf6 21. Rxf6 $18) 20. Qxh7+ 1-0

[Event "Moscow5"]
[Site "Moscow"]
[Date "1995.??.??"]
[Round "5"]
[White "Shulman, Yuri"]
[Black "Chekhov, Valery A"]
[Result "1-0"]
[WhiteElo "2490"]
[BlackElo "2500"]
[Annotator "Shulman,Y"]
[PlyCount "81"]
[EventDate "1995.??.??"]
[EventType "tourn"]
[EventRounds "11"]
[EventCountry "RUS"]
[EventCategory "10"]
[SourceTitle "CBM 049"]
[Source "ChessBase"]
[SourceDate "1995.12.01"]
[SourceVersion "1"]
[SourceVersionDate "1995.12.01"]
[SourceQuality "1"]

1. d4 {King Hecht} d5 2. c4 c6 3. Nf3 Nf6 4. Nc3 a6 5. a4 e6 6. g3 Be7 (6...
Bb4 $5) (6... dxc4 7. Bg2 c5 8. O-O (8. dxc5 Qxd1+ 9. Nxd1 Nc6 10. Ne3 Bxc5 11.
Nxc4 Ke7 12. O-O Nd5 13. Nfe5 Nd4 14. Be3 Nxe3 15. fxe3 Nf5 16. b4 Ba7 17. Rad1
f6 18. Bxb7 Bxb7 19. Rd7+ Ke8 20. Rxb7 fxe5 21. g4 Nxe3 22. Nd6+ Kd8 {Bareev,
E-Shirov,A/Groningen/1993/0,5/}) 8... cxd4 9. Nxd4 Bc5 10. Be3 Qe7 11. Nc2 O-O
12. a5 Nc6 13. Na4 Bxe3 14. Nxe3 Rd8 15. Qe1 Nd4 16. Nb6 Rb8 17. Rd1 e5 $10 {
Kamsky,G-Bareev,E/Linares/1994/}) (6... a5 $5) 7. Bg2 (7. a5 c5 $132) 7... O-O
8. O-O b6 (8... a5 9. Nd2 Na6 (9... c5 10. e3 (10. cxd5 cxd4 11. Nb5 Nxd5 12.
Nxd4 $14 {׫}) 10... cxd4 11. exd4 Nc6 $10) 10. e4 Nb4 $13) 9. Nd2 Ra7 $6 (9...
a5 $5 10. e4 Ba6 11. b3 Ra7 $132) 10. e4 dxe4 11. Ndxe4 Rd7 12. Qb3 $1 (12. Be3
$2 c5 13. d5 Bb7 $15) 12... Bb7 (12... Rxd4 13. Be3 e5 14. c5 $16) 13. a5 $16 (
13. Be3 Ng4) 13... b5 14. Nc5 Bxc5 15. dxc5 Qe7 16. Be3 Rfd8 17. h3 h6 18. Rad1
(18. Rae1 $1 $16 {/\f4-f5}) 18... Rxd1 19. Rxd1 Rxd1+ 20. Qxd1 bxc4 21. Qd4
Nbd7 (21... Nd5 22. Ne4) 22. Qxc4 Nd5 23. Ne4 N7f6 24. Nd6 Ne8 25. Qb3 Nxd6 (
25... Nxe3 $2 26. Qxb7 Qxb7 27. Nxb7 Nxg2 28. Kxg2 Nf6 29. Nd8 Ne4 30. b4 $18)
26. cxd6 Qd7 27. Bc5 (27. Bd4 $5) 27... e5 (27... Qc8 28. Bf1 Kh8 29. Bc4 Kg8
30. Qd3 {/\d7} Nf6 31. b4 Nd7 32. f4 $16 {->>>}) 28. Qd3 Bc8 $6 (28... Qe6 29.
Qe2 {/\d7} Bc8 (29... f6 30. h4 {/\Kh2,Bh3}) 30. Be4 Qxh3 31. Bd3 Nf6 {/\Ng4}
32. Qxe5 $16) 29. b4 Qe6 30. b5 $1 {Winning by force.} axb5 31. Bxd5 cxd5 32.
Qxb5 {King: Black has no defence to the pushing of the a-pawn.} Bd7 (32... Qxh3
33. a6 Bg4 34. Qf1 Qh5 35. a7 Bf3 36. a8=Q+ Kh7 37. Qg2 $18) 33. Qb7 (33. Qb8+
$6 Kh7 34. a6 Qxh3 35. Qb1+ Bf5 36. Qf1 Qg4 37. a7 Qa4 $132) 33... Bc8 (33...
Qxh3 34. a6 Bg4 35. Qxd5 $18) 34. a6 $1 Bxb7 35. axb7 Qe8 36. Ba7 f6 37. b8=Q
Qxb8 38. Bxb8 {Hecht: Taktischen Endspielübergang beachten. Einfaches Endspiel
L+Freibauern - Bauern} Kf7 39. Ba7 Ke6 40. Bc5 f5 (40... g5 {Hecht} 41. g4 Kd7
42. Kf1 Kc6 43. Ke2 Kd7 44. Kd3 Kc6 45. Kc3 Kd7 46. Kb4 Kc6 47. Ka5 d4 48. Kb4
d3 49. Kc3 e4 50. Kd2 Kd7 51. Ke3 Kc6 52. Bb4 $18) 41. f4 (41. f4 {Hecht} exf4
42. gxf4 g5 43. fxg5 hxg5 44. Kf2 f4 (44... g4 45. h4 $18) 45. Kf3 Kd7 46. Kg4
d4 47. Bxd4 Kxd6 48. Kxg5 $18) 1-0